LEADER 01163nam a2200253 4500 001 000000353937 003 CaOOAMICUS 005 20230522154747.0 008 230522s1936 it 000 u ita r 040 $aSeMil$bita 100 0 $aPius XI,$c.$0(OLS)http://semarc/name/3465 245 10$aDiscorso di S.S. Pio 11. su l'Azione Cattolica a 1000 alunni degli Istituti Ecclesiastici di Roma. 264 1$a[Cittą del Vaticano] :$bTipografia Poliglotta Vaticana,$c1936. 300 $a14 p. :$b1 ritratto ;$c22 cm 650 4$aAzione Cattolica Italiana e Magistero.$0(OLS)http://semarc/subject/37664 850 $aSeMil 852 $aSeMil$W1$xVenegono$y1$m5A IV 4/39$j240707$B245140$CSeMilBibl$Z2$F245140 $81 900 1 $aRatti, Achille,$d<1857-1939>. 900 0 $aPio XI$c. 996 $6245$aDiscorso di S.S. Pio 11. su l'Azione Cattolica a 1000 alunni degli Istituti Ecclesiastici di Roma$9(OLS)http://semarc/title/444081 996 $6264$a[Cittą del Vaticano] :$bTipografia Poliglotta Vaticana$9(OLS)http://semarc/publisher/32047 LEADER 00974nam a2200241 i 4500 001 000000202870 003 CaOOAMICUS 005 20151202000000.0 008 151202s1997 it u000 u ita u 013 $a181581 020 $a88-202-1237-4 040 $aSeMil$bita 245 10$aKandinsky :$bopere dal Centre Georges Pompidou. 260 $aMilano :$bMazzotta,$cstampa 1997. 300 $a182 p. :$bill. ;$c30 cm. 500 $aCatalogo della Mostra tenuta a Milano nel 1997-1998. 600 14$aKandinskij, Vasilij Vasil'evic <1866-1944>.$0(OLS)http://semarc/subject/13961 850 $aSeMil 852 $aSeMil$W1$xVenegono$y1$m5F X 33$j153369$B153369$CSeMilBibl$Z2$F209090 $81 961 $aOmaggio: Istituto San Vincenzo 996 $6020$a88-202-1237-4$9(OLS)http://semarc/number/195907 996 $6245$aKandinsky :$bopere dal Centre Georges Pompidou$9(OLS)http://semarc/title/293645 996 $6260$aMilano :$bMazzotta$9(OLS)http://semarc/publisher/32846